000
00280nam a22001217a 4500
003
SGT
082
_a
370,PRI
100
_a
YADAV, PRIYANKA.
245
_a
DEVELOPMENTS IN EDUCATION AND SPECIAL EDUCATION
260
_a
NEW DELHI
_b
RIP PUB.
_c
2024
300
_a
198
942
_2
ddc
_c
BK
999
_c
29105
_d
29105